00456nam a2200169Ia 4500999001700000003000400017005001700021008004100038040000900079082001900088100002400107245003900131260003100170300000900201650003200210942004400242 c12951d12951OSt20201015111958.0190216s9999||||xx |||||||||||||| ||und|| cOCLC a823.914bHIG/E aHiggins, Jack94862 4aThe Eagle Has Landedcjack higgins bMacmillan,c1978.amadras: a350p aEnglish Novel-English Novel cBK2ddch823.914iHIG/Ek823.914mHIG/E